1552 1156 1960 1502 1799 1129 1003 1896 1143 1554 1077 1941 1459 1614 1199 1464 1349 1434 1916 1369 1087 1124 1538 1185 1675 1779 1075 1400 1114 1018 1831 1063 1102 1487 1433 1733 1355 1613 1877 1575 1537 1304 1073 1146 1717 1500 1648 1727 1061 1769 1070 1016 1358 1318 1427 1788 1247 1577 1795 1508 1889 1059 1572 1286 2000 1128 1556 1495 1774 1150 1707 1165 1029 1274 1466 1336 1790 1891 1182 1996 1232 1252 1269 1703 1560 1244 1791 1220 1152 1644 1276 1972 1376 1428 1039 1741 1549 1059 1740 BCNSPRNW ULIB Ver.6.0+V

เปลี่ยนเป็นภาษาไทย

Change to English
 แสดงรายละเอียดบรรณานุกรม
  กลับหน้าหลัก

Brief Record : Get Marc (ISO 2709) : E-mail record : QR code < ปิดหน้าต่าง
LEADER : 00000nam 2200000uu 4500
001    13399121281
003     ULIB
008    121114s2550||||th 000 0 tha d
020    ^a9746552848
050 04 ^aPL4158^bก534ก 2550
100 0  ^aการุณันทน์ รัตนแสนวงษ์
245 10 ^aการใช้ภาษาไทย /^cการุณันทน์ รัตนแสนวงษ์
250    ^aพิมพ์ครั้งที่ 1
260    ^aกรุงเทพฯ :^bสำนักวิชาการศึกษาทั่วไป มหาวิทยาลัยศรีปทุม,^c2550
300    ^a118 หน้า :^bภาพประกอบ ;^c26 ซม
505 2  ^aความรู้ทั่วไปเกี่ยวกับภาษาไทย -- การฟัง -- หลักการอ่าน --การอ่านตีความ -- การใช้คำ -- การสนทนา -- การเขียนเรียงความ -- การเขียนบทร้อยกรอง -- การสัมภาษณ์ -- การอภิปราย -- การประชุม
650  7 ^aภาษาไทย^xการใช้ภาษา
650  7 ^aการฟัง
650  7 ^aการอ่าน
650  7 ^aการพูด
650  7 ^aการเขียน
945    ^p0^l0^i14288
995    ^aกัณชพร
999 ^a กัณชพร
รายการนี้ยังไม่มีแท็ก
คุณยังไม่ได้ล็อกอิน คุณสามารถมีกิจกรรมร่วมกับเว็บไซต์ได้ แต่ต้องล็อกอินก่อน ::
  ล็อกอิน

รายการสื่อสารสนเทศ

ลำดับที่ ประเภท เลขเรียก/บาร์โค้ด สถานที่ สถานะ
1. วิทยาศาสตร์การแพทย์ และสุขภาพ
วิทยาศาสตร์การแพทย์ และสุขภาพ
PL4158 ก534ก 2550  
  Barcode: 14288
ห้องสมุดวิทยาเขตสวรรค์ประชารักษ์
►หนังสือทั่วไป
บนชั้น

รายการใกล้เคียง
    ผู้แต่ง [การุณันทน์ รัตนแสนวงษ์]

    หัวเรื่อง [การฟัง]
    หัวเรื่อง [การอ่าน]
    หัวเรื่อง [การพูด]
    หัวเรื่อง [การเขียน]

BibComment


ยังไม่เคยถูกคอมเมนท์

คอมเมนท์ทรัพยากรรายการนี้
  คอมเมนท์: การใช้ภาษาไทย ก..


 Copyright 2026. Bcnsprnw @Library